| 000 | 00803nam a22002057a 4500 | ||
|---|---|---|---|
| 005 | 20260514122621.0 | ||
| 010 | _aB-779513-535 BACCHEN26 | ||
| 020 |
_a9789348497086 _c250.00 |
||
| 035 | _aB-779513-535 | ||
| 037 | _bUnbound Script | ||
| 082 |
_21 _aS |
||
| 100 |
_aNikhil Raj _987879 |
||
| 245 |
_aAll I Ever Want is You/ _cNikhil Raj |
||
| 250 | _a1 | ||
| 260 |
_aNew Delhi _bUnbound Script _c2025 |
||
| 270 |
_a2/41, Ansari Road, Daryaganj _bNew Delhi _e110002 _k01135807601 |
||
| 300 |
_a231p. _c20cm(pb) |
||
| 942 |
_2ddc _cCH _mNIK _hS |
||
| 999 |
_c215249 _d215249 |
||